000 00344nam a2200121Ia 4500
005 20251222141829.0
008 251222s9999||||xx |||||||||||||| ||spa||
082 _a346.06/C21
100 _aCalderón Aguilar, Lourdes
245 0 _aAspectos Legales, Tributarios y Contables de la Ley General de Sociedades
264 _bLa Editorial
942 _cLIB
999 _c7045
_d7045